| 000 | 00555nam a2200193 a 4500 | ||
|---|---|---|---|
| 005 | 20140310183425.0 | ||
| 008 | 070927s19uu xx 00 eng d | ||
| 020 | _a0-321-42330-5 | ||
| 050 |
_aQA 76.73.J39 _b.K6312 2007 |
||
| 100 | _aKock, Peter-Paul | ||
| 245 |
_aPPK on JavaScript. / _cPeter-Paul Kock |
||
| 260 |
_aBerkeley, CA : _bPeachpit Press, _c2007. |
||
| 300 |
_a500 p. : _bill. ; _c24 cm. |
||
| 521 | _aIT | ||
| 650 | _aJava Script (Computer program language). | ||
| 650 | _aWorld Wide Web. | ||
| 942 |
_cBK _2lcc _kFOR |
||
| 999 |
_c22639 _d22639 |
||